Normal view
MARC view
- إبراهيم البطل، منى محمد تأليف
Entry Personal Name
001 - CONTROL NUMBER
- control field: 44782
003 - CONTROL NUMBER IDENTIFIER
- control field: JO-AjAnu
005 - DATE AND TIME OF LATEST TRANSACTION
- control field: 20230606081419.0
008 - FIXED-LENGTH DATA ELEMENTS
- fixed length control field: 230606|| aca||aabn | a|a d
040 ## - CATALOGING SOURCE
- Original cataloging agency: JO-AjAnu
- Transcribing agency: JO-AjAnu
100 ## - HEADING--PERSONAL NAME
- Personal name: إبراهيم البطل، منى محمد تأليف
670 ## - SOURCE DATA FOUND
- Source citation: Work cat.: (JO-AjAnu)22931: إبراهيم البطل، منى محمد تأليف, author, تكنولوجيا الإتصالات المعاصرة:الشخصية والإدارية ونظم المعلومات=Contemporary Communication Technology:Personalization,Managerial&Information Systems